Estatísticas para Quiz do Zimbábue

Clique aqui para jogar o quiz

Estatísticas Gerais

  • Esse quiz foi jogado 300 vezes
  • A pontuação média é 10 de 18

Estatísticas das Respostas

DicaResposta% Correto
Países fazendo fronteira
com o Zimbábue
Zâmbia
96%
Países fazendo fronteira
com o Zimbábue
África do Sul
92%
Países fazendo fronteira
com o Zimbábue
Moçambique
90%
Países fazendo fronteira
com o Zimbábue
Botswana
89%
País que colonizou o ZimbábueReino Unido
87%
CapitalHarare
77%
Antigo nome do Zimbábue{Rodésia} do Sul
64%
Grande parte do Zimbábue
consiste neste ecossistema
Savana
61%
Grande cachoeira no acimaCataratas de {Vitória}
56%
Rio na fronteira do norteZambeze
53%
Ditador do Zimbabwe entre
1980 e 2017
Robert Mugabe
45%
Símbolo nacional{Ave} de Zimbábue
39%
Cidade construída no século XI,
abandonada no século XV
{Grande} Zimbábue
36%
Rio na fronteira do sulLimpopo
35%
Segunda maior cidadeBulawayo
33%
Antigo nome do acimaSalisbury
33%
Grupos étnicos principaisXonas
31%
Grupos étnicos principaisNdebele
24%

Distribuição das Pontuações

Percentil de Números Respondidos

Porcentagem de Pessoas com Cada Pontuação

Sua Pontuação Histórica

Você não jogou esse quiz